[Event "XIX Sants Open 2017"]
[Site "Cotxeres de Sants"]
[Date "2017.08.23"]
[Round "6"]
[White "Llombart Baiges, Jaime"]
[Black "Segura Ruiz, Carlos"]
[Result "*"]
[WhiteElo "1622"]
[BlackElo "1414"]
[Annotator "NA RC"]
[PlyCount "36"]
[EventDate "2017.??.??"]
[EventType "swiss"]
[EventCountry "ESP"]
[SourceTitle "playchess.com"]
[Source "ChessBase"]
[SourceQuality "1"]
[TimeControl "40/5400+30:1800+30"]

1. e4 c5 2. d4 cxd4 3. c3 d3 4. Bxd3 e6 5. Nf3 Be7 6. O-O a6 7. Qc2 d6 8. Be3 Nf6 9. Nbd2 Nbd7 10. Nd4 O-O 11. N2f3 Nc5 12. e5 dxe5 13. Nxe5 Nxd3 14. Nxd3 Qc7 15. Nf3 b5 16. Rad1 Bb7 17. Bf4 Qc4 18. b3 Qc8 *

[Event "XIX Sants Open 2017"]
[Site "Cotxeres de Sants"]
[Date "2017.08.23"]
[Round "6"]
[White "Llombart Baiges, Jaime"]
[Black "Segura Ruiz, Carlos"]
[Result "0-1"]
[WhiteElo "1622"]
[BlackElo "1414"]
[Annotator "NA RC"]
[PlyCount "85"]
[EventDate "2017.??.??"]
[EventType "swiss"]
[EventCountry "ESP"]
[SourceTitle "playchess.com"]
[Source "ChessBase"]
[SourceQuality "1"]
[TimeControl "40/5400+30:1800+30"]

1. e4 {[%emt 0:00:00]} c6 {[%emt 0:00:08]} 2. d4 {[%emt 0:00:09]} d5 {[%emt 0:00:10]} 3. Nc3 {[%emt 0:00:51]} dxe4 {[%emt 0:00:19]} 4. Nxe4 {[%emt 0:00:10]} Bf5 {[%emt 0:00:15]} 5. Bd3 {[%emt 0:00:28]} Qxd4 {[%emt 0:01:23]} 6. Qf3 {[%emt 0:00:51]} Bxe4 {[%emt 0:06:27]} 7. Bxe4 {[%emt 0:00:24]} Nf6 {[%emt 0:00:44]} 8. Bd3 {[%emt 0:00:26]} e6 {[%emt 0:01:39]} 9. Ne2 {[%emt 0:00:21]} Qg4 {[%emt 0:14:29]} 10. Qxg4 {[%emt 0:00:14]} Nxg4 {[%emt 0:00:10]} 11. Bf4 {[%emt 0:00:25]} Bc5 {[%emt 0:07:30]} 12. Bg3 {[%emt 0:00:39]} Nd7 {[%emt 0:01:42]} 13. h3 {[%emt 0:00:50]} Nge5 {[%emt 0:03:49]} 14. O-O-O {[%emt 0:00:13]} O-O {[%emt 0:08:53]} 15. f4 {[%emt 0:00:37]} Nxd3+ {[%emt 0:02:19]} 16. Rxd3 {[%emt 0:00:08]} Nf6 {[%emt 0:05:17]} 17. Rhd1 {[%emt 0:00:18]} Bb6 {[%emt 0:06:34]} 18. Bh4 {[%emt 0:00:37]} Nd5 {[%emt 0:13:03]} 19. g3 {[%emt 0:00:23]} Ne3 {[%emt 0:02:39]} 20. R1d2 {[%emt 0:01:51]} Nf5 {[%emt 0:00:22]} 21. Rd1 {[%emt 0:00:42]} Nxh4 {[%emt 0:00:36]} 22. gxh4 {[%emt 0:00:09]} Rfd8 {[%emt 0:02:16]} 23. Rxd8+ {[%emt 0:00:09]} Rxd8 {[%emt 0:00:19]} 24. Rxd8+ {[%emt 0:00:05]} Bxd8 {[%emt 0:00:04]} 25. Kd2 {[%emt 0:00:17]} Bxh4 {[%emt 0:00:38]} 26. Ke3 {[%emt 0:00:29]} Kf8 {[%emt 0:04:38]} 27. b3 {[%emt 0:00:16]} Bf6 {[%emt 0:00:32]} 28. Ke4 {[%emt 0:00:16]} g6 {[%emt 0:00:46]} 29. Nc1 {[%emt 0:00:10]} Ke7 {[%emt 0:00:41]} 30. Nd3 {[%emt 0:00:07]} Bg7 {[%emt 0:01:50]} 31. Nc5 {[%emt 0:00:20]} b6 {[%emt 0:02:37]} 32. Nd3 {[%emt 0:00:10]} f5+ {[%emt 0:01:06]} 33. Kf3 {[%emt 0:00:10]} Kd6 {[%emt 0:00:27]} 34. c4 {[%emt 0:00:13]} c5 {[%emt 0:00:16]} 35. Ne1 {[%emt 0:00:35]} e5 {[%emt 0:00:18]} 36. fxe5+ {[%emt 0:00:07]} Kxe5 {[%emt 0:00:50]} 37. Nd3+ {[%emt 0:00:13]} Kd4 {[%emt 0:00:24]} 38. Nf4 {[%emt 0:00:07]} Kc3 {[%emt 0:00:13]} 39. Ne6 {[%emt 0:00:27]} Bd4 {[%emt 0:02:06]} 40. Kf4 {[%emt 0:00:00]} Kb2 {[%emt 0:00:38]} 41. Kg5 {[%emt 0:00:12]} Be3+ {[%emt 0:01:04]} 42. Kf6 {[%emt 0:02:37]} Bh6 43. Nf4 0-1

[Event "XIX Sants Open 2017"]
[Site "Cotxeres de Sants"]
[Date "2017.08.23"]
[Round "6"]
[White "Siegel, Rainer"]
[Black "Fernandez Benito, Carlos Pablo"]
[Result "1/2-1/2"]
[WhiteElo "1551"]
[BlackElo "1632"]
[Annotator "NA RC"]
[PlyCount "80"]
[EventDate "2017.??.??"]
[EventType "swiss"]
[EventCountry "ESP"]
[SourceTitle "playchess.com"]
[Source "ChessBase"]
[SourceQuality "1"]
[TimeControl "40/5400+30:1800+30"]

1. d3 {[%emt 0:00:12]} d5 {[%emt 0:00:24]} 2. Nd2 {[%emt 0:01:07]} Nf6 {[%emt 0:00:52]} 3. Ngf3 {[%emt 0:01:47]} e6 {[%emt 0:01:05]} 4. e4 {[%emt 0:00:17]} dxe4 {[%emt 0:01:49]} 5. dxe4 {[%emt 0:00:30]} Nc6 {[%emt 0:01:51]} 6. c3 {[%emt 0:01:43]} Bc5 {[%emt 0:02:23]} 7. Be2 {[%emt 0:03:30]} O-O {[%emt 0:01:17]} 8. b4 {[%emt 0:07:04]} Bd6 {[%emt 0:05:04]} 9. b5 {[%emt 0:01:42]} Ne5 {[%emt 0:01:27]} 10. Ng5 {[%emt 0:10:39]} h6 {[%emt 0:03:58]} 11. Nh3 {[%emt 0:03:28]} b6 {[%emt 0:01:58]} 12. f4 {[%emt 0:08:54]} Bb7 {[%emt 0:04:57]} 13. fxe5 {[%emt 0:04:21]} Bxe5 {[%emt 0:01:02]} 14. O-O {[%emt 0:07:11]} Bxc3 {[%emt 0:03:08]} 15. Rb1 {[%emt 0:08:47]} Qd4+ {[%emt 0:01:40]} 16. Kh1 {[%emt 0:02:11]} Rad8 {[%emt 0:00:55]} 17. Qb3 {[%emt 0:15:43]} Bxd2 {[%emt 0:01:44]} 18. Rd1 {[%emt 0:02:20]} Qc3 {[%emt 0:03:33]} 19. Bxd2 {[%emt 0:01:58]} Qxb3 {[%emt 0:01:03]} 20. Rxb3 {[%emt 0:00:59]} Bxe4 {[%emt 0:01:03]} 21. Rb2 {[%emt 0:04:15]} Rd7 {[%emt 0:03:37]} 22. Bf4 {[%emt 0:02:38]} Rxd1+ {[%emt 0:05:46]} 23. Bxd1 {[%emt 0:00:04]} c5 {[%emt 0:03:26]} 24. bxc6 {[%emt 0:00:56]} Bxc6 {[%emt 0:00:20]} 25. Rc2 {[%emt 0:00:34]} Bd5 {[%emt 0:02:59]} 26. Kg1 {[%emt 0:03:21]} g5 {[%emt 0:02:35]} 27. Bd6 {[%emt 0:00:17]} Ra8 {[%emt 0:01:20]} 28. Nf2 {[%emt 0:00:35]} Ne8 {[%emt 0:00:51]} 29. Ba3 {[%emt 0:02:00]} f5 {[%emt 0:02:29]} 30. Nd3 {[%emt 0:01:27]} Be4 {[%emt 0:00:52]} 31. Rc3 {[%emt 0:00:11]} Rd8 {[%emt 0:00:59]} 32. Nf2 {[%emt 0:00:46]} Bd5 {[%emt 0:00:55]} 33. Bb3 {[%emt 0:00:40]} Bxb3 {[%emt 0:04:09]} 34. axb3 {[%emt 0:00:06]} Kf7 {[%emt 0:01:01]} 35. Nd3 Kf6 36. Nb4 Kf7 37. h4 g4 38. Bc1 h5 39. Bg5 e5 40. Kf2 f4 1/2-1/2

[Event "XIX Sants Open 2017"]
[Site "Cotxeres de Sants"]
[Date "2017.08.23"]
[Round "6"]
[White "Lopez Oliva, Victor"]
[Black "Lopez Arjona, Emilio"]
[Result "*"]
[WhiteElo "1530"]
[BlackElo "1547"]
[Annotator "NA RC"]
[PlyCount "22"]
[EventDate "2017.??.??"]
[EventType "swiss"]
[EventCountry "ESP"]
[SourceTitle "playchess.com"]
[Source "ChessBase"]
[SourceQuality "1"]
[TimeControl "40/5400+30:1800+30"]

1. d4 Nf6 2. Nf3 g6 3. Nc3 d6 4. Bg5 Bg7 5. Qd2 h6 6. Bh4 c6 7. h3 b5 8. e3 Qc7 9. Bd3 Bb7 10. O-O a6 11. Bg3 c5 *

[Event "XIX Sants Open 2017"]
[Site "Cotxeres de Sants"]
[Date "2017.08.23"]
[Round "6"]
[White "Lopez Oliva, Victor"]
[Black "Lopez Arjona, Emilio"]
[Result "1/2-1/2"]
[WhiteElo "1530"]
[BlackElo "1547"]
[Annotator "NA RC"]
[PlyCount "100"]
[EventDate "2017.??.??"]
[EventType "swiss"]
[EventCountry "ESP"]
[SourceTitle "playchess.com"]
[Source "ChessBase"]
[SourceQuality "1"]
[TimeControl "40/5400+30:1800+30"]

1. e4 c5 2. d4 cxd4 3. c3 d3 4. Bxd3 e6 5. Nf3 Be7 6. O-O a6 7. Qc2 d6 8. Be3 Nf6 9. Nbd2 Nbd7 10. Nd4 O-O 11. N2f3 Nc5 12. e5 dxe5 13. Nxe5 Nxd3 14. Nxd3 Qc7 15. Nf3 b5 16. Rad1 Bb7 17. Bf4 Qc4 18. b3 Qc8 19. Nfe5 Rd8 20. c4 Be4 21. f3 Bc5+ 22. Kh1 Bxd3 23. Rxd3 Rxd3 24. Qxd3 bxc4 25. Qxc4 Nd5 26. Nd3 Bf8 27. Rc1 Qxc4 28. Rxc4 Nxf4 29. Nxf4 Rd8 30. Kg1 Rd1+ 31. Kf2 Rd2+ 32. Ke3 Rxa2 33. Rc8 g6 34. h3 Kg7 35. g3 Ra3 36. Rb8 a5 37. Rb7 Kg8 38. Ke4 Bd6 39. h4 h5 40. Rb6 Bc7 41. Rb7 Bd6 42. Rb6 Bb4 43. Rb8+ Kg7 44. Rb7 Kf8 45. Rb8+ Ke7 46. Rb7+ Kd6 47. Rxf7 Rxb3 48. Rf6 Kd7 49. Rxe6 Bd2 50. Rxg6 Re3+ 1/2-1/2

[Event "XIX Sants Open 2017"]
[Site "Cotxeres de Sants"]
[Date "2017.08.24"]
[Round "7"]
[White "Jumabayev, Rinat"]
[Black "Moroni, Luca Jr"]
[Result "1/2-1/2"]
[WhiteElo "2610"]
[BlackElo "2476"]
[Annotator "TA"]
[PlyCount "116"]
[EventDate "2017.??.??"]
[EventType "swiss"]
[EventCountry "ESP"]
[SourceTitle "playchess.com"]
[Source "ChessBase"]
[SourceQuality "1"]

{[%evp 25,116,0,6,0,23,28,39,31,35,12,37,39,38,48,36,37,45,31,59,38,68,0,0,0,0,3,81,79,84,73,92,83,79,70,81,70,71,22,103,94,103,52,50,43,31,0,0,0,0,0,0,0,0,0,0,0,0,0,0,0,0,0,0,0,0,0,0,0,0,0,0,0,0,0,0,0,0,0,0,0,0,0,0,0,0,0,0,0,0,0,0,0,0]} 1. c4 e6 2. Nf3 d5 3. d4 a6 4. e3 Nf6 5. b3 c5 6. cxd5 exd5 7. Be2 Nc6 8. O-O Bd6 9. dxc5 Bxc5 10. Bb2 O-O 11. Nc3 Ba7 12. Rc1 Qd6 13. Qd3 Bg4 {[#] LiveBook: 6 Games. D32: Tarrasch Defence: Sidelines and lines without g3} 14. h3 $146 ({Predecessor:} 14. Rfd1 Rad8 15. Ng5 h6 16. Nge4 Bxe2 17. Qxe2 Nxe4 18. Nxe4 Qe7 19. Ng3 Qe6 20. Qf3 d4 21. exd4 {½-½ (21) Schlosser,P (2596)-Le,Q (2703) Belfort 2012}) 14... Bh5 15. Nh4 {Strongly threatening Bxh5.} Bg6 {White has an edge.} (15... Bxe2 16. Nxe2 Bb8 17. Nf3 $16) 16. Nxg6 hxg6 17. Bf3 {[%cal Rc3d5]} Bb8 {[%csl Gb8][%cal Rd6h2] [#]} (17... Ne5 {is interesting.} 18. Qe2 Qe6 19. Rfd1 Rfd8 20. Rc2 Rd6) 18. g3 {[%cal Rc3d5]} Ne5 19. Qe2 Nxf3+ 20. Qxf3 Qe6 21. Na4 b5 22. Nc5 $36 {[%mdl 2048] White is more active.} Qxh3 23. Bxf6 (23. Rfd1 $1 $14) 23... gxf6 $11 24. Rfd1 Kg7 25. Rxd5 {[#] Nd7 is the strong threat.} Rh8 (25... Be5 $11 {keeps the balance.}) 26. Qg2 $16 Qxg2+ 27. Kxg2 Be5 28. Rd7 Rhe8 29. Nb7 Ra7 30. Rcd1 Kf8 31. f4 (31. Nc5 $5 {[%cal Rd7a7]} Re7 32. Rd8+ Kg7 33. Kf3 $14) 31... Bb8 (31... Bc3 $11) 32. Kf3 f5 33. Nc5 ({Better is} 33. R1d3 $16) 33... Bc7 $14 34. R1d3 a5 35. e4 Bb6 {The position is equal.} 36. Rxa7 Bxc5 $11 {[%mdl 4096] Endgame KRR-KRB} ({Reject} 36... Bxa7 $6 37. Nd7+ Ke7 38. exf5 $14) 37. Rdd7 fxe4+ 38. Ke2 Bxa7 39. Rxa7 {KR-KR} a4 40. bxa4 bxa4 41. g4 Rb8 42. Rxa4 f5 43. gxf5 gxf5 44. Ra7 Rb2+ 45. Ke3 Ke8 46. Ra5 Ke7 47. Rxf5 {Hoping for Ra5.} Rxa2 48. Kxe4 Ra6 49. Kf3 Rf6 50. Ra5 Rb6 51. Kg4 Kf6 52. Rf5+ Kg6 53. Rg5+ Kf6 54. Rh5 {Rh6+ would kill now.} Kg7 55. Rh1 Rb5 56. Ra1 Kf6 57. Ra8 Kf7 58. Ra6 Rc5 {Precision: White = 76%, Black = 57%.} 1/2-1/2

[Event "XIX Sants Open 2017"]
[Site "Cotxeres de Sants"]
[Date "2017.08.24"]
[Round "7"]
[White "Oparin, Grigoriy"]
[Black "Petrosyan, Tigran S"]
[Result "1/2-1/2"]
[WhiteElo "2609"]
[BlackElo "2430"]
[Annotator "TA"]
[PlyCount "79"]
[EventDate "2017.??.??"]
[EventType "swiss"]
[EventCountry "ESP"]
[SourceTitle "playchess.com"]
[Source "ChessBase"]
[SourceQuality "1"]

{[%evp 15,79,22,11,12,14,6,16,8,4,14,23,16,16,16,18,20,43,25,41,32,33,34,34,42,36,22,49,49,52,56,62,60,63,44,42,34,63,63,64,63,81,81,81,67,141,131,116,111,117,114,190,190,190,190,190,190,190,190,190,190,227,229,4133,229,2251,1014]} 1. e4 e5 2. Nf3 Nc6 3. Bb5 a6 4. Ba4 Nf6 5. O-O Be7 6. Bxc6 dxc6 7. d3 Nd7 8. Nbd2 f6 {LiveBook: 90 Games} 9. c3 {C85: Closed Ruy Lopez: Deferred Exchange Variation} (9. Nh4 g6 10. Nc4 Nc5 11. Be3 Ne6 12. a4 O-O 13. Nf3 c5 14. a5 Rf7 15. Nfd2 Bf8 16. Kh1 b5 17. axb6 cxb6 {½-½ (74) Perez Ponsa,F (2577)-Dominguez Perez,L (2739) chess.com INT 2017}) 9... O-O 10. d4 c5 $146 ({Find the theoretical novelty and annotate with similar games:} 10... b5 11. Re1 c5 12. a4 cxd4 13. cxd4 c6 14. Nf1 exd4 15. Nxd4 Ne5 16. Bf4 Bc5 {½-½ (38) Borsos,B (2253)-Kacakovski,D (2130) Struga 2011}) 11. dxe5 {The position is equal.} Nxe5 12. Nxe5 fxe5 13. Qe2 Be6 14. Nc4 Bf6 15. Ne3 c6 16. b3 Qe7 17. Bb2 Rad8 18. c4 Rd7 19. Rad1 Rfd8 20. a4 b6 21. h3 Rxd1 22. Rxd1 Rxd1+ 23. Qxd1 Qd7 24. Qh5 Bf7 25. Qg4 Qxg4 26. Nxg4 Be6 27. Nxe5 Bxe5 28. Bxe5 $14 {[%mdl 4096] Endgame KB-KB} b5 29. f4 {[%cal Bf2f4,Bf4f5][%mdl 32]} g6 (29... bxc4 $14 30. f5 Bf7) 30. g4 $16 bxa4 31. f5 Bf7 32. bxa4 {[%cal Bb3a4,Ba4a5][%mdl 32]} h5 (32... Bxc4 $16 {was called for.} 33. Kf2 Kf7) 33. Kf2 $18 hxg4 34. hxg4 Bxc4 35. a5 Kf7 36. Bb2 Bb5 37. Ke3 c4 {[#]} 38. e5 $1 {[%cal Re5e6]} c3 $2 (38... gxf5 39. gxf5 c3 40. Bxc3 Bc4) 39. Bxc3 $2 (39. e6+ Ke7 40. Bxc3) 39... Bc4 $2 (39... gxf5 40. gxf5 Bc4) 40. Kd4 {[%mdl 32768] Precision: White = 59%, Black = 42%. . An unexpected result.} (40. e6+ $142 Kf8 41. Kd4) 1/2-1/2

[Event "XIX Sants Open 2017"]
[Site "Cotxeres de Sants"]
[Date "2017.08.24"]
[Round "7"]
[White "Agdestein, Simen"]
[Black "Mons, Leon"]
[Result "1/2-1/2"]
[WhiteElo "2604"]
[BlackElo "2483"]
[Annotator "TA"]
[PlyCount "110"]
[EventDate "2017.??.??"]
[EventType "swiss"]
[EventCountry "ESP"]
[SourceTitle "playchess.com"]
[Source "ChessBase"]
[SourceQuality "1"]

{[%evp 13,110,-4,7,-1,0,0,0,-14,-13,-29,-32,-32,-18,-62,-64,-71,-30,-54,-26,-32,-25,-20,-11,-7,0,0,-4,-8,0,-14,0,-62,-47,-45,-41,-32,-33,-45,-39,-38,-60,-44,0,0,0,0,0,0,10,20,12,0,0,0,0,0,0,0,0,0,0,0,0,0,0,0,0,0,0,0,0,0,0,0,0,0,0,0,0,0,0,0,0,0,0,0,0,0,0,0,0,0,0,0,0,0,0,0,0]} 1. d4 Nf6 2. Nc3 d5 3. Bf4 c5 4. e3 cxd4 5. exd4 a6 6. Nf3 {B13: Caro-Kann: Exchange Variation and Panov-Botvinnik Attack} Nc6 7. Be2 (7. Ne5 e6 8. Nxc6 bxc6 9. Na4 Bd6 10. Bg3 Bxg3 11. hxg3 Qd6 12. Bd3 e5 13. dxe5 Qxe5+ {½-½ (68) Nisipeanu,L (2683)-Bluebaum,M (2642) Dortmund 2017}) 7... Bg4 {LiveBook: 11 Games} 8. h3 Bxf3 9. Bxf3 e6 10. O-O Bd6 11. Bg5 h6 $146 ({Find the theoretical novelty and annotate with similar games:} 11... O-O 12. Qd2 Rc8 13. Ne2 b5 14. a3 {0-1 (51) Huesemann,J-Cordes,L Salzgitter Lebenstedt 1998}) 12. Be3 O-O 13. g4 Qc7 14. Ne2 Ne4 15. Bg2 f5 16. f3 $1 {[%cal Rf3e4]} Nf6 17. Qd2 Rfe8 18. c3 Rad8 19. Rae1 e5 {Threatens to win with ...f4.} 20. dxe5 Nxe5 {[#] Hoping for ...Nc4.} 21. b3 Ng6 22. Nd4 (22. Bd4 $11) 22... fxg4 $15 23. hxg4 Bh2+ 24. Kh1 Bg3 25. Bf2 Bxf2 26. Rxf2 Rxe1+ 27. Qxe1 Re8 28. Re2 {The position is equal.} Rxe2 29. Nxe2 Qe5 {[#] And now ...Nf4 would win.} 30. Qd2 Qg5 (30... Nh4 {with more complications.} 31. Kg1 g5 32. Kf1 Kf7 33. Qd4 Qe6) 31. Qxg5 hxg5 $11 {[%mdl 4096] Endgame KBN-KNN} 32. Nd4 Nf4 33. Bf1 Kf7 34. Kg1 Ne8 35. Kf2 Kf6 36. a4 Ke5 37. a5 (37. b4 {seems wilder.} Nd6 38. Nb3 Ne6 39. a5 Nf7 40. Bd3) 37... Ne6 38. Ke3 Nxd4 39. cxd4+ {KB-KN} Kf6 40. Bd3 Nc7 41. Kd2 Ke7 42. Ke3 Kd6 43. b4 Ne6 44. b5 axb5 45. Bxb5 Kc7 46. Kd3 b6 47. a6 Kb8 48. Bc6 Nf4+ 49. Kc3 Ka7 50. Bb7 b5 51. Bc8 (51. Kb4 $5 {[%cal Rb4b5]} Kb6 52. Kc3 $11) 51... Kb6 52. Bb7 Ne2+ 53. Kd3 Nf4+ 54. Kc3 Ne2+ 55. Kd3 Nf4+ {Precision: White = 74%, Black = 72%.} 1/2-1/2

[Event "XIX Sants Open 2017"]
[Site "Cotxeres de Sants"]
[Date "2017.08.24"]
[Round "7"]
[White "Vocaturo, Daniele"]
[Black "Neef, Maximilian"]
[Result "1-0"]
[WhiteElo "2596"]
[BlackElo "2451"]
[Annotator "TA"]
[PlyCount "67"]
[EventDate "2017.??.??"]
[EventType "swiss"]
[EventCountry "ESP"]
[SourceTitle "playchess.com"]
[Source "ChessBase"]
[SourceQuality "1"]

{[%evp 21,66,50,66,8,21,0,0,0,9,-8,40,40,66,69,68,73,110,119,181,187,230,214,315,304,310,290,310,303,451,451,506,377,431,415,408,397,599,595,548,425,2079,2006,29997,29998,29998,29999,29999]} 1. d4 Nf6 2. c4 g6 3. Nc3 Bg7 4. e4 d6 5. Nf3 {[%cal Bg1f3,Bf3e1,Be1d3][%mdl 32]} O-O 6. Be2 e5 7. O-O Nc6 8. d5 Ne7 9. Ne1 Nd7 10. Nd3 f5 11. f3 Nf6 {LiveBook: 40 Games} 12. c5 {E99: King's Indian: Classical Main Line: 9 Ne1 Nd7 10 f3 f5} (12. Be3 $14) (12. Bd2 Kh8 13. Rc1 c6 14. Be3 c5 15. b4 b6 16. bxc5 bxc5 17. Rb1 f4 18. Bf2 g5 19. Nb5 g4 20. Nxd6 Qxd6 21. Bxc5 Qd8 22. Nxe5 Nxe4 23. fxe4 Bxe5 24. Bxg4 {0-1 (40) Ragger,M (2698)-Al Sayed,M (2520) Berlin 2015}) 12... c6 $11 {[%cal Rc6d5]} 13. cxd6 Qxd6 {[%cal Rc6d5]} 14. Be3 $146 {And now Bc5 would win.The position is equal.} ({Find the theoretical novelty and annotate with similar games:} 14. dxc6 Nxc6 15. Nb5 Qd8 16. Nf2 Be6 17. Be3 Qa5 18. Qd6 Bf7 19. Qa3 Qxa3 20. Nxa3 {0-1 (37) Malin,O-Royset,P (2205) Hammerfest 1994}) 14... cxd5 15. Bc5 Qd8 {[%cal Rf5e4]} 16. exd5 {[%cal Be4d5,Bd5d6][%mdl 32]} Re8 17. d6 $36 {[%mdl 2048] Black is under pressure.} ({Don't play} 17. Nxe5 Nexd5 18. Bd4 Be6 $11) 17... Nc6 18. Nb5 Rf8 19. Rc1 Bd7 (19... Kh8 $16) 20. Nc7 $18 Rb8 21. b4 {[%cal Bb2b4,Bb4b5][%mdl 32]} b6 (21... a6 $142 22. f4 Ng4) 22. Bf2 Ne8 {[#]} 23. b5 $1 {[%cal Rb5c6]} Na5 {[#]} 24. Nxe5 $1 {[%mdl 512]} Kh8 (24... Bxe5 $142 25. Qd5+ Rf7) 25. Qd5 Nb7 26. Rfd1 Nexd6 27. Nxd7 Qxd7 28. Ne6 {Strongly threatening Rc7.} Rfc8 (28... Rf7 {might work better.} 29. Bc4 Qe8) 29. Nxg7 Kxg7 30. Bd4+ Kh6 (30... Kf8 $142 31. Qe5 Qf7) 31. Qe5 {Threatening mate with Be3+.} Rxc1 32. Be3+ {White mates.} Kh5 33. g4+ Kh4 34. Qg3# {Precision: White = 74%, Black = 28%.} 1-0

[Event "XIX Sants Open 2017"]
[Site "Cotxeres de Sants"]
[Date "2017.08.24"]
[Round "7"]
[White "Heimann, Andreas"]
[Black "Minko, Vladimir"]
[Result "1-0"]
[WhiteElo "2591"]
[BlackElo "2411"]
[Annotator "TA"]
[PlyCount "77"]
[EventDate "2017.??.??"]
[EventType "swiss"]
[EventCountry "ESP"]
[SourceTitle "playchess.com"]
[Source "ChessBase"]
[SourceQuality "1"]

{[%evp 21,77,33,41,37,38,26,35,18,29,26,19,19,17,19,20,24,32,16,22,20,41,37,51,37,93,93,99,78,94,106,95,108,104,101,105,103,97,101,127,127,160,139,187,179,419,387,292,216,217,194,205,213,399,391,394,380,334,335]} 1. e4 c5 2. Nf3 Nc6 3. d4 cxd4 4. Nxd4 Qb6 5. Nb3 Nf6 6. Nc3 e6 7. Qe2 Bb4 {B33: Sicilian: Pelikan and Sveshnikov Variations} (7... Qc7 8. f4 Bb4 9. Bd2 Bxc3 10. bxc3 d6 11. g4 b6 12. Bg2 Bb7 13. g5 Nd7 14. h4 Na5 15. Nxa5 bxa5 {1-0 (38) Kramnik,V (2812)-Fressinet,L (2687) Paris 2016}) 8. Bd2 a5 9. a3 Bxc3 10. Bxc3 e5 11. O-O-O O-O {LiveBook: 16 Games} 12. f4 d5 13. exd5 (13. Rxd5 $5 exf4 14. Bxf6 gxf6 15. Qd2 $14) 13... Bg4 14. Qb5 Qxb5 $1 15. Bxb5 Na7 16. Bc4 $146 {[%cal Bb5c4,Bc4d3,Bd3e4][%mdl 32]} ({Predecessor:} 16. fxe5 Nxb5 17. exf6 Nxc3 18. bxc3 Bxd1 19. Rxd1 gxf6 {½-½ (26) Edwards,K (1616)-Silva Filho,A (2032) LSS email 2012}) 16... b5 17. Bd3 Bxd1 18. Rxd1 Nxd5 19. Bxe5 {Threatening Be4.} a4 20. Na5 {Hoping for Be4.} Rad8 21. Nb7 $36 {[%mdl 2048] White fights for an advantage.} Rd7 $1 22. Be4 Nf6 {[#]} ({Better is} 22... Rxb7 $14 23. Rxd5 (23. Bxd5 Rd7 $11) 23... Re8) 23. Rxd7 $1 $16 Nxd7 {[#]} 24. Bd4 $1 {[%cal Rd4a7]} Re8 25. Bf3 Nc8 26. Bc6 Re7 27. Bxb5 Ndb6 28. Nc5 Nd6 29. Bd3 ({Reject} 29. Nxa4 $6 Nxb5 30. Bxb6 Re2 $11) 29... Re1+ 30. Kd2 Rb1 31. Ke2 f6 32. Ne4 Ndc4 $2 (32... Nxe4 {was necessary.} 33. Bxe4 Nc8) 33. Nd2 Nxd2 34. Kxd2 $18 {And now c4 would win. KRN-KB} Nc8 35. Bb5 Nd6 36. Bxa4 Nc4+ $2 (36... Kf7 37. Bc6 Nf5) 37. Kc3 Nxb2 38. Bb3+ Kf8 39. a4 {Precision: White = 91%, Black = 43%.} 1-0

[Event "XIX Sants Open 2017"]
[Site "Cotxeres de Sants"]
[Date "2017.08.24"]
[Round "7"]
[White "Delchev, Aleksander"]
[Black "Garriga Cazorla, Pere"]
[Result "1/2-1/2"]
[WhiteElo "2577"]
[BlackElo "2405"]
[Annotator "TA"]
[PlyCount "122"]
[EventDate "2017.??.??"]
[EventType "swiss"]
[EventCountry "ESP"]
[SourceTitle "playchess.com"]
[Source "ChessBase"]
[SourceQuality "1"]

{[%evp 22,122,18,13,29,30,41,43,85,79,70,67,80,80,73,36,23,20,19,0,0,10,8,6,0,3,45,0,0,0,0,-21,0,0,0,0,59,50,69,15,34,20,33,0,7,0,0,-71,-77,-64,-66,-120,-4,-4,-4,-4,0,-4,-4,-8,0,0,0,0,0,0,12,10,12,12,12,0,13,0,16,12,12,12,22,22,29,28,33,24,22,0,0,0,0,0,0,0,0,0,0,0,0,0,0,0,0,0,0]} 1. c4 c5 2. Nf3 Nf6 3. Nc3 d5 4. cxd5 Nxd5 5. d4 Nxc3 6. bxc3 g6 7. e4 Bg7 8. Be3 O-O 9. Be2 b6 10. O-O Bb7 11. Qd3 cxd4 12. cxd4 Nc6 {D85: Exchange Grünfeld: Unusual White 7th moves and lines with 7 Nf3} 13. Rac1 {[#]} (13. d5 $5 {[%cal Rd5c6]} Nb4 14. Qd2 Bxa1 15. Rxa1 $14) 13... Qd6 $146 ({Predecessor:} 13... e6 14. Rfd1 Qd6 15. d5 exd5 16. Qxd5 Qc7 17. Qd7 Qxd7 18. Rxd7 Na5 19. e5 Bc6 20. Rc7 Rfc8 21. Rxc8+ Rxc8 {½-½ (30) Kortschnoj,V (2665)-Timman,J (2585) Wijk aan Zee 1978}) 14. d5 Nb4 {White is slightly better.} 15. Qb3 {aiming for e5!} Na6 16. Qa4 Nc5 17. Bxc5 bxc5 18. Rb1 (18. Qb5 $5 {[%cal Rb5b7]} Rab8 19. Qxc5 $16) 18... Bc8 $1 19. Nd2 Bd7 20. Bb5 Bxb5 21. Rxb5 a6 22. Rb3 Rab8 23. g3 Rxb3 24. axb3 Qf6 25. Kg2 Rb8 26. Nc4 h5 27. Re1 h4 {White should prevent ...h3+!} 28. Qa2 $1 Qg5 (28... a5 $11) 29. Qc2 $14 Bd4 30. Qd3 ({White should try} 30. Na5 $1 $14) 30... Qg4 31. h3 Qd7 32. Re2 hxg3 33. fxg3 Qb5 34. Ra2 (34. e5 $11) 34... Qxb3 $17 35. Qxb3 Rxb3 36. Rxa6 {[%mdl 4096] Endgame KRB-KRN} (36. h4 $15) 36... Rc3 (36... Rb4 $17 37. d6 exd6 38. Nxd6 Be5) 37. Ra4 $11 Kg7 38. e5 Rc2+ 39. Kf3 f5 {[%csl Gd4][%cal Rc2f2] [#]} 40. exf6+ $1 Bxf6 41. d6 {And now d7 would win.} exd6 42. Nxd6 Bd4 43. Ne4 Rc1 44. Ra7+ Kg8 45. Ra6 Kg7 46. Ra7+ Kg8 47. Kf4 Re1 48. Re7 Kf8 49. Re6 c4 50. Rxg6 c3 {[#] White must now prevent ...c2.} 51. Rc6 Re2 52. Rc8+ Kf7 {Hoping for ...c2.} 53. Nxc3 {The position is equal.} Rc2 54. Nb5 Rxc8 55. Nd6+ Ke6 56. Nxc8 {g4 is the strong threat. KB-KN} Kd7 57. g4 {Threatens to win with Kf5.} Kxc8 58. g5 Kd7 59. Kf5 Bf2 60. Kg6 Bh4 61. Kh6 {Strongly threatening g6.} (61. Kh5 $5 {[%cal Rh5h4]} Bxg5 62. Kxg5 $11) 61... Bxg5+ {Precision: White = 64%, Black = 64%.} 1/2-1/2